000
00332 a2200145 4500
999
_c
12206
_d
12206
003
OSt
005
20231223140319.0
008
231223b ||||| |||| 00| 0 eng d
020
_a
9788957704523
082
_a
749
100
_a
JIBBOO P
245
_a
Objet 2 : creative idea & unique design
260
_b
ARCHI
_c
2013
942
_2
ddc